NHL Teams (Past & Present) - Statistics

General Stats
  • This quiz has been taken 1,109 times
  • The average score is 36 of 56
Answer Stats
Original Year Team % Correct
1924 present Boston Bruins
91%
1917 present Montréal Canadiens
91%
1926 present New York Rangers
90%
1926-present Toronto Maple Leafs
90%
1979 1996 Winnipeg Jets
87%
2011-present Winnipeg Jets
87%
1926 present Chicago Blackhawks
86%
1932-present Detroit Red Wings
86%
1917 1934 Ottawa Senators
85%
1992 present Ottawa Senators
85%
1972 1980 Atlanta Flames
84%
1980-present Calgary Flames
84%
1993-present Dallas Stars
82%
1967 present Los Angeles Kings
82%
1972 present New York Islanders
82%
2005-present Anaheim Ducks
80%
1979 present Edmonton Oilers
80%
1967 present Philadelphia Flyers
80%
1967 present Pittsburgh Penguins
79%
1970 present Vancouver Canucks
78%
2000 present Minnesota Wild
77%
1995-present Colorado Avalanche
76%
1967 present St. Louis Blues
76%
1993 present Florida Panthers
75%
1991 present San Jose Sharks
75%
1992 present Tampa Bay Lightning
75%
1997-present Carolina Hurricanes
74%
1982-present New Jersey Devils
73%
1999 2011 Atlanta Thrashers
72%
2000 present Columbus Blue Jackets
72%
1979 1997 Hartford Whalers
71%
1998 present Nashville Predators
71%
1996-present Phoenix Coyotes
71%
1979 1995 Québec Nordiques
71%
1970 present Buffalo Sabres
69%
1967 1993 Minnesota North Stars
69%
1974 present Washington Capitals
69%
1970-1976 California Seals
57%
1924 1938 Montréal Maroons
57%
1993 2005 Mighty Ducks of Anaheim
51%
1967 1970 Oakland Seals
46%
1976-1982 Colorado Rockies
45%
1919-1926 Toronto St. Patricks
44%
1925 1941 New York Americans
41%
1941-1942 Brooklyn Americans
40%
1974 1976 Kansas City Scouts
38%
1976-1978 Cleveland Barons
36%
1917 1919 Toronto Arenas
36%
1917 1918 Montréal Wanderers
32%
1925 1930 Pittsburgh Pirates
30%
1919 1920 Québec Bulldogs
29%
1920 1925 Hamilton Tigers
28%
1930 1931 Philadelphia Quakers
25%
1934 1935 St. Louis Eagles
22%
1926 1930 Detroit Cougars
20%
1930-1932 Detroit Falcons
16%
No matching quizzes found
Score Distribution
Percent of People with Each Score
Percentile by Number Answered
Your Score History
You have not taken this quiz